Statistics for Top 20 NFL Running Backs of all-time

Click here to take the quiz!

General Stats

  • This quiz has been taken 161 times
  • The average score is 13 of 20

Answer Stats

RankTeamPlayer% Correct
2LionsBarry Sanders
99%
1CowboysEmmitt Smith
98%
3BearsWalter Payton
97%
4BrownsJim Brown
93%
7VikingsAdrian Peterson
90%
6ChargersLaDainian Tomlinson
90%
5RamsEric Dickerson
85%
8RamsMarshall Faulk
80%
20SeahawksMarshawn Lynch
76%
17SteelersJerome Bettis
72%
11BillsO.J. Simpson
67%
9RaidersBo Jackson
66%
12RaidersMarcus Allen
66%
14BroncosTerrell Davis
62%
19SteelersFranco Harris
61%
13BearsGale Sayers
50%
16CowboysTony Dorsett
47%
10DolphinsEarl Campbell
24%
15IndiansJim Thorpe
12%
18EaglesHerschel Walker
9%

Score Distribution

Percentile by Number Answered

Percent of People with Each Score

Your Score History

You have not taken this quiz